| 000 | 00493nam a2200193Ia 4500 | ||
|---|---|---|---|
| 003 | 0100 | ||
| 008 | 130303s9999 xx 000 0 und d | ||
| 040 | _cARRUPELIB | ||
| 050 | _aBX830.1962A8A331 1995 | ||
| 245 | _aHistory of Vatican II | ||
| 260 | _aNew York | ||
| 260 | _bOrbis, Leuven, Peeters | ||
| 260 | _C1995- 2000 | ||
| 300 | _a4v. | ||
| 300 | _b 25cm. | ||
| 650 | _bCelts Spirituality--Celtic church | ||
| 700 | _aAlberigo, Giuseppe; Komonchak, Joseph A. (ed.) | ||
| 942 | 0 | 0 | _04 |
| 999 |
_c7863 _d7863 |
||